Compartmentation of plant metabolism in non-photosynthetic tissues (Record no. 134632)

MARC details
000 -LEADER
fixed length control field 00768nam a2200229Ia 4500
008 - FIXED-LENGTH DATA ELEMENTS--GENERAL INFORMATION
fixed length control field 191130s1991##################000#0#eng##
020 ## - INTERNATIONAL STANDARD BOOK NUMBER
ISBN 9780521361323
082 ## - DEWEY DECIMAL CLASSIFICATION NUMBER
Classification number 581.133 EME
245 ## - TITLE STATEMENT
Title Compartmentation of plant metabolism in non-photosynthetic tissues
Statement of responsibility, etc edited by M.J. Emes
260 ## - PUBLICATION, DISTRIBUTION, ETC. (IMPRINT)
Place of publication Cambridge
Name of publisher Cambridge University Press
Year of publication 1991
300 ## - PHYSICAL DESCRIPTION
Number of Pages xiv, 204 p. : ill. ; 24 cm
500 ## - GENERAL NOTE
General note Includes bibliographical references and index
650 ## - SUBJECT ADDED ENTRY--TOPICAL TERM
Topical Term Plant cell compartmentation - Congresses
Topical Term Plant cells and tissues - Congresses
Topical Term Plants - Metabolism - Congresses
700 ## - ADDED ENTRY--PERSONAL NAME
Personal name Emes, M. J
991 ## -
-- 187031
Holdings
Withdrawn status Lost status Damaged status Not for loan Home library Current library Shelving location Date acquired Full call number Accession Number Price effective from Koha item type
        Anna Centenary Library Anna Centenary Library 5TH FLOOR, B WING 12.10.2020 581.133 EME 247546 12.10.2020 English Books

Find us on the map